|
|
|
|
| LEADER |
00616cam a2200157 7i4500 |
| 001 |
0000024087 |
| 005 |
20100122090000.0 |
| 090 |
0 |
0 |
|a SAUD 910.25538
|b BLU
|
| 245 |
0 |
0 |
|a Blue pages directory :
|b the largest commercial industrial encyclopedia for members in Jeddah.
|
| 260 |
0 |
0 |
|a Jeddah:
|b Jeddah Chember of Commerce & Industry,
|c 2009.
|
| 300 |
# |
# |
|a [v.p].
|
| 440 |
0 |
0 |
|a Version : 6
|
| 650 |
0 |
0 |
|a Business enterprises --
|x Telephone directories --
|z Riyadh, Saudi Arabia
|
| 650 |
0 |
0 |
|a Riyadh, Saudi Arabia --
|x Telephone Directories
|
| 651 |
0 |
0 |
|a Saudi Arabia
|
| 999 |
|
|
|a 0000025829
|b Directories
|c Countries
|e Business Information Centre
|